000 00314nam a2200109Ia 4500
008 171211s9999 xx 000 0 und d
245 _aOracle Solaris 11 System Virtualization Essentials
245 _cJeff Victor
260 _c2017
650 _xSOFTWARE
856 _uhttp://down.ebook777.com/061/9780134310879.pdf
999 _c349360
_d349360